Lotr - Quotes from all 3 movies Quiz Stats

 Plays Quiz not verified by Sporcle

Challenge
Share
Tweet
Embed
Score 0/45 Timer 10:00
0 Plays Today
quotes characters % Correct
A day may come when the courage of men fails, when we forsake our friends and break all bonds of fellowship, but it is not this day!Aragorn
92.9%
He wants the precious. Always he is looking for it. And the precious is wanting to go back to him... But we mustn't let him have it. Gollum
92.6%
Certainty of death. Small chance of success. What are we waiting for? Gimli
92.3%
The battle of Helm's Deep is over; the battle for Middle Earth is about to begin. Gandalf
90.7%
Forth, and fear no darkness! Arise! Arise, Riders of Theoden! Spears shall be shaken, shields shall be splintered! A sword day... a red day... ere the sun rises!Theoden
90.1%
A red sun rises, blood has been spilled this nightLegolas
90.1%
I think we might have made a mistake leaving the shireMerry
90.1%
I would have gone with you to the end. Into the very fires of MordorAragorn
90.1%
They are one; the ring and the Dark Lord. Frodo, he must never find it.Gandalf
89.8%
And for you, Frodo Baggins, I give you the light of Earendil our most beloved star. May it be a light to you in dark places when all other lights go out. Galadriel
89.8%
so do all who live to see such times. But that is not for them to decide. All we have to decide is what to do with the time that is given to us.Gandalf
89.5%
It is a strange fate that we should suffer so much fear and doubt over so small a thing. Such a little thing. Boromir
88.2%
We were home. How do you pick up the threads of an old life? How do you go on... when in your heart you begin to understand... there is no going back?Frodo
87.6%
The man who can wield the power of this sword can summon to him an army more deadly than any that walks this earth. Put aside the Ranger. Become who you were born to be. Elrond
87.3%
And sometimes you didn't want to know the end. Because how could the end be happy? How could the world go back to the way it was when so much bad had happened? Sam
87%
Not nearly frightened enough. I know what hunts you. Aragorn
86.4%
Do you know how the orcs first came into being? They were Elves once. Taken by the dark powers tortured and mutilated. A ruined and terrible form of life. And now ... perfectedSaruman
86.4%
I don't want to be in a battle. But waiting on the edge of one I can't escape is even worse. Pippin
85.4%
There is no curse in Elvish, Entish, or the tongues of men for this treachery.Treebeard
85.4%
Don't go where I can't follow... wake up!!Sam
84.5%
There never was much hope. Just a fool's hope.Gandalf
83.9%
I think there's more to this Hobbit than meets the eye. Gandalf
83.3%
Frodo wouldn't have got far without SamFrodo
83.3%
quotes characters % Correct
The stars are veiled. Something stirs in the East. A sleepless malice. The eye of the enemy is moving.Legolas
82.7%
The quest stands upon the edge of a knife. Stray but a little and it will fail to the ruin of allGaladriel
82%
Keep him blind to all else that movesAragorn
81.4%
The dwarf breathes so loud, we could have shot him in the darkHaldir
81.4%
Have you ever seen it, Aragorn? The white tower of Ecthelion glimmering like a spike of pearl and silver. its banners caught high in the morning breezeBoromir
81.1%
From the ashes, a fire shall be woken. A light from the shadow shall spring. Renewed shall be blade that was broken. The crownless again shall be king. Arwen
81.1%
Leave now, and never come back!Smeagol
80.8%
The board is set.. the pieces are movingGandalf
79.9%
So it beginsTheoden
78.3%
I think you have strength, of a different kind. And one day your father will see it.Pippin
74.6%
The finest rockets ever seen. They burst in stars of blue and green or after thunder, silver showers. Came falling like a rain of flowers.Sam
74%
Whatever luck you live by... let's hope it lasts the night. Gimli
72.4%
The fate of the world will now be decided.Gandalf
67.5%
Because, I have to believe he can come backFrodo
67.5%
You carry a heavy burden Frodo. Don't carry the weight of the dead.Boromir
65.9%
You can search far and wide. You can drink the whole town dry. But you'll never find a beer so brown as the one we drink in our hometown. You can drink your fancy ales...Merry and Pippin
65.6%
Needless were none of the deeds of Gandalf in lifeGaladriel
63.8%
Your coming to us is as the footsteps of doomGaladriel
59.8%
Do you not know death when you see it, old man? This is my hour!Witch King of Angmar
58.5%
They do not see what lies ahead, when Sun has faded and Moon is dead.Gollum
57%
I do not believe this darkness will endureFaramir
47.1%
War will make corpses of us allFaramir
40.9%

You're not logged in!

Compare scores with friends on all Sporcle quizzes.
OR
Log In

You Might Also Like...

Show Comments

Extras

Top Quizzes Today


Score Distribution

Your Account Isn't Verified!

In order to create a playlist on Sporcle, you need to verify the email address you used during registration. Go to your Sporcle Settings to finish the process.

Report this User

Report this user for behavior that violates our Community Guidelines.

Details: